000 02013nam0a2200385 4500
001 RU\NLR\bibl\156297
005 20250618052326.0
035 _a(NLR Aleph) 000153280
090 _a880145
_c880145
100 _a20010518d1995 |||y0rusy50 ca
101 0 _arus
_deng
_eeng
102 _aRU
105 _aa |||||||||
200 1 _aЧисленное исследование теплообмена тепловыделяющей жидкости с учетом плавления и затвердевания в зависимости от чисел Остроградского и Релея
_fА.Е. Аксенова, П.Н. Вабищевич, В.В. Чуданов
210 _aМ.
_cИБРАЭ
_d1995
215 _a25 с.
_cграф.
_d29
225 1 _aПрепринт
_fРос. Акад. наук, Ин-т пробл. безопас. развития атом. энергетики
_vN IBRAE-95-01
300 _aРез. на англ. яз.
320 _aБиблиогр.: с.24-25
606 0 _aЖидкости
_xТепловая конвекция
_xИсследование
_xЧисленные методы
_92229688
_3RU\NLR\auth\661338335
606 1 _aЖидкости
_xКонвективный теплообмен
_xМатематические исследования
_92476454
_3RU\NLR\auth\661470429
606 0 _aАтомные электрические станции
_xАварии с расплавлением
_92111973
_3RU\NLR\auth\661276308
606 1 _aАтомные электростанции
_xАварии с расплавлением
_92554397
_3RU\NLR\auth\661511356
686 _aЗ312.410.4с116
686 _aЗ47-022.13
700 1 _aАксенова
_bА. Е.
_4070
701 1 _aВабищев
_bП. Н.
_4070
701 1 _aЧуданов
_bВ. В.
_4070
801 0 _aRU
_bNLR
_c20010518
_gPSBO
801 1 _aRU
_bNLR
_c20010518
852 _aNLR
_j99-8/2721
942 _cBOOK
980 _aNB